000 00887nam a2200193Ii 4500
003 JO-AjNU
008 230605s9999||||xx |||||||||||||| ||und||
040 _aJO-AjNU
_bara
_erda
_cJO-AjNU
041 _aara
050 1 4 _aBP144.D4 1900
100 3 _aالذهبي، شمس الدين أبي عبد الله محمد بن احمد؛ تحقيق واخراج احاديث وتعليق عبد الله عطا عمر,
_eauthor
_941851
245 0 0 _aالكبائر
264 3 1 _aد.م: دار الفكر للطباعة والنشر والتوزيع ، د.ت
300 _a216ص
336 _atext
_btxt
_2rdacontent
337 _aunmediated
_bn
_2rdamedia
338 _avolume
_bnc
_2rdacarrier
650 4 _aالكبائر- الاخلاق الاسلامية- الدعوة الاسلامية- الحسنات والسيئات- الامر بالمعروف والنهي عن المنكر
_941852
999 _aA17877
_c21445
_d21445